000 00513nam a2200181Ia 4500
005 20250326124233.0
008 250326s9999 xx 000 0 und d
037 _aTextbook
040 _aFMSL
_beng
_cFMSL
041 _aeng
_2eng
084 _aX512:8 L2
_qFMSL
100 _aWingate J W
245 0 _aRetail merchandisk management
_cWingate J W; Schaller E O
260 _aNew Jersey
_bNew Jersey, Prentice-Hall
_c1972
300 _a386p
942 _cTB
_hX512:8 L2
999 _c1272889
_d1272889